[Event "Reykjavik op"]
[Site "Reykjavik"]
[Date "2024.03.16"]
[Round "3"]
[White "Carey, Michael P"]
[Black "Pigott, John C"]
[Result "0-1"]
[WhiteElo "1880"]
[BlackElo "2326"]
[PlyCount "66"]
[EventDate "2024.03.15"]
[EventType "swiss"]
[EventRounds "9"]
[EventCountry "ISL"]
[SourceTitle "CB13_2024"]
[SourceDate "2024.03.27"]
[SourceVersion "1"]
[SourceVersionDate "2024.03.27"]
[SourceQuality "1"]

1. Nf3 Nf6 2. c4 e6 3. Nc3 d5 4. e3 b6 5. cxd5 exd5 6. b3 Bd6 7. Bb2 0-0 8. Rc1 a6 9. g3 Bb7 10. d4 Nbd7 11. Bg2 Re8 12. 0-0 Rc8 13. Ne2 Ne4 14. Nf4 Qe7 15. Nd3 c5 16. Nde5 f6 17. Nxd7 Qxd7 18. Nd2 Nxd2 19. Qxd2 c4 20. Qe2 b5 21. Qh5 f5 22. bxc4 g6 23. Qf3 bxc4 24. Bc3 Qa4 25. Rb1 Bc6 26. Rb6 Rb8 27. Rfb1 Qc2 28. R1b2 Qxc3 29. Rxc6 Rxb2 30. Rxd6 Rb1+ 31. Bf1 Qe1 32. Qxd5+ Kh8 33. Qxc4 Rb2 0-1

[Event "Reykjavik op"]
[Site "Reykjavik"]
[Date "2024.03.16"]
[Round "2"]
[White "Pollack, Oscar"]
[Black "Carey, Michael P"]
[Result "1/2-1/2"]
[WhiteElo "2092"]
[BlackElo "1880"]
[PlyCount "160"]
[EventDate "2024.03.15"]
[EventType "swiss"]
[EventRounds "9"]
[EventCountry "ISL"]
[SourceTitle "CB13_2024"]
[SourceDate "2024.03.27"]
[SourceVersion "1"]
[SourceVersionDate "2024.03.27"]
[SourceQuality "1"]

1. e4 c5 2. Nf3 d6 3. d4 cxd4 4. Nxd4 Nf6 5. Nc3 Nc6 6. Bg5 e6 7. Qd2 a6 8. 0-0-0 Bd7 9. f4 b5 10. e5 dxe5 11. Nxc6 Bxc6 12. Qe3 Qc7 13. fxe5 Nd7 14. Bf4 Nc5 15. Kb1 b4 16. Ne2 Be7 17. Nd4 0-0 18. Nxc6 Qxc6 19. Be2 Rab8 20. Bf3 Qb5 21. Qe2 Qa5 22. b3 Rfc8 23. Rd4 Rd8 24. Rc4 Qb5 25. Qf2 Rbc8 26. Bh5 Qe8 27. Rf1 Nd7 28. Bg3 g6 29. Be2 Rxc4 30. Bxc4 Bc5 31. Qe2 Nb6 32. Bh4 Be7 33. Bf6 Nd5 34. Bxd5 Rxd5 35. Qxa6 Qd8 36. Qa7 Rd7 37. Bxe7 Qxe7 38. Qb6 Rd5 39. Rf4 Qg5 40. Qb8+ Rd8 41. Qxb4 Rd1+ 42. Kb2 Qxe5+ 43. Ka3 Rd5 44. Qc4 Ra5+ 45. Kb4 Ra8 46. Qe4 Qa5+ 47. Kc4 Rc8+ 48. Kd3 Qc3+ 49. Ke2 Rd8 50. Rf3 Qd2+ 51. Kf1 Qd1+ 52. Kf2 Rd2+ 53. Kg3 Rxc2 54. Rd3 Qc1 55. Rd8+ Kg7 56. Qd4+ Kh6 57. h4 Qe1+ 58. Kh2 e5 59. Qg4 f6 60. Rd1 Qe3 61. Rf1 f5 62. Qb4 f4 63. Kh1 Qg3 64. Qe4 Qxh4+ 65. Kg1 Rxa2 66. Qxe5 Qg3 67. Qxf4+ Qxf4 68. Rxf4 Rb2 69. Rb4 Kg5 70. Kh2 h5 71. Kh3 Kf5 72. Rb5+ Kf6 73. Kg3 g5 74. Kf3 Kg6 75. g3 Kf6 76. Ke3 Rg2 77. Kf3 Rb2 78. b4 Rb3+ 79. Kg2 Rb2+ 80. Kg1 Rb1+ 1/2-1/2

[Event "Reykjavik op"]
[Site "Reykjavik"]
[Date "2023.03.30"]
[Round "3"]
[White "Carey, Michael P"]
[Black "Magnusson, Thorsteinn"]
[Result "1-0"]
[WhiteElo "1852"]
[BlackElo "1485"]
[PlyCount "91"]
[EventDate "2023.03.29"]
[EventType "swiss"]
[EventRounds "9"]
[EventCountry "ISL"]
[SourceTitle "CBM 213 Extra"]
[Source "ChessBase"]
[SourceDate "2023.05.31"]
[SourceVersion "1"]
[SourceVersionDate "2023.05.31"]
[SourceQuality "1"]

1. Nf3 Nf6 2. c4 c5 3. Nc3 e6 4. e3 d5 5. cxd5 exd5 6. d4 c4 7. Be2 a6 8. a4 Bf5 9. 0-0 Bb4 10. Bd2 0-0 11. Na2 Bxd2 12. Nxd2 b5 13. b3 Nc6 14. Re1 Re8 15. Bf3 Ne4 16. Bxe4 Bxe4 17. Nxe4 Rxe4 18. Nc3 Re6 19. axb5 Nb4 20. bxc4 dxc4 21. d5 Rh6 22. Rb1 Nd3 23. Rf1 axb5 24. Rxb5 Ne5 25. h3 Qd7 26. f4 Nd3 27. Qg4 Qe8 28. e4 Ra3 29. Rfb1 Ra8 30. e5 Rg6 31. Qf3 h6 32. d6 Rc8 33. Nd5 Re6 34. Qg4 Kh7 35. Qf5+ Kh8 36. Nc7 Qd7 37. Nxe6 fxe6 38. Qg6 Qa7+ 39. Kh2 Nxf4 40. Qe4 Nd5 41. Rb7 Qa8 42. Qg4 Rg8 43. Qxe6 Ne3 44. Qxg8+ Qxg8 45. Rb8 Nf1+ 46. Kg1 1-0

[Event "Dulles Skyline op-A"]
[Site "Dulles"]
[Date "2022.10.10"]
[Round "6"]
[White "Rychkov, Roman"]
[Black "Carey, Michael P"]
[Result "1-0"]
[WhiteElo "2046"]
[BlackElo "1881"]
[PlyCount "139"]
[EventDate "2022.10.08"]
[EventType "swiss"]
[EventRounds "6"]
[EventCountry "USA"]
[SourceTitle "CBM 210 Extra"]
[Source "ChessBase"]
[SourceDate "2022.11.30"]
[SourceVersion "1"]
[SourceVersionDate "2022.11.30"]
[SourceQuality "1"]

1. e4 c5 2. Nf3 Nc6 3. d4 cxd4 4. Nxd4 Nf6 5. Nxc6 bxc6 6. Bd3 d6 7. 0-0 g6 8. b3 Bg7 9. Bb2 0-0 10. Nc3 Qa5 11. Qe1 Qc7 12. Na4 d5 13. f3 dxe4 14. Bxe4 Nxe4 15. Bxg7 Kxg7 16. Qxe4 Bf5 17. Qe3 Rad8 18. Rfe1 Rfe8 19. Re2 e5 20. Nc5 Qb6 21. c3 Rd5 22. b4 Red8 23. Rae1 Bd3 24. Rf2 Kg8 25. Qc1 Qb5 26. f4 e4 27. f5 e3 28. Qxe3 Bxf5 29. g4 Bxg4 30. Rf4 Rxc5 31. Qxc5 Qxc5+ 32. bxc5 Be6 33. Ra4 Rd5 34. Rxa7 Rxc5 35. Re3 h5 36. Kf2 h4 37. a4 Rg5 38. Ra6 Bd5 39. c4 Rf5+ 40. Ke1 Bxc4 41. Rxc6 Rf1+ 42. Kd2 Rf2+ 43. Kc3 Be6 44. h3 Ra2 45. Kb4 Bd7 46. Ra6 Rh2 47. Rd6 Bxh3 48. a5 Be6 49. Rd8+ Kg7 50. a6 Rb2+ 51. Ka4 Rb6 52. Ka5 Rxa6+ 53. Kxa6 g5 54. Rd4 Kg6 55. Kb5 h3 56. Kc5 Kh5 57. Kd6 g4 58. Ke5 Kg5 59. Rd8 Bf5 60. Rd6 h2 61. Rd1 f6+ 62. Kd4 Kh4 63. Re8 Kg3 64. Rh8 Bd7 65. Rd3+ Kg2 66. Rd2+ Kg1 67. Rhxh2 Bc6 68. Rhe2 Kf1 69. Ke3 Ba4 70. Ra2 1-0

[Event "Dulles Skyline op-A"]
[Site "Dulles"]
[Date "2022.10.08"]
[Round "2"]
[White "Haldankar, Ameya"]
[Black "Carey, Michael P"]
[Result "0-1"]
[WhiteElo "1755"]
[BlackElo "1881"]
[PlyCount "140"]
[EventDate "2022.10.08"]
[EventType "swiss"]
[EventRounds "6"]
[EventCountry "USA"]
[SourceTitle "CBM 210 Extra"]
[Source "ChessBase"]
[SourceDate "2022.11.30"]
[SourceVersion "1"]
[SourceVersionDate "2022.11.30"]
[SourceQuality "1"]

1. d4 Nf6 2. c4 c5 3. d5 b5 4. cxb5 a6 5. bxa6 g6 6. Nc3 Bg7 7. e4 0-0 8. Nf3 Qa5 9. Bd3 Nxd5 10. exd5 Bxc3+ 11. Bd2 Bxd2+ 12. Qxd2 Qxd2+ 13. Nxd2 Bxa6 14. Ke2 d6 15. Nc4 Nd7 16. Ne3 Rfb8 17. b3 f5 18. g3 Rb4 19. Nc2 Re4+ 20. Ne3 Nf6 21. Bxa6 Rxa6 22. Rhd1 f4 23. gxf4 Rxf4 24. f3 Rh4 25. Rh1 Rh5 26. a4 Nxd5 27. Nxd5 Rxd5 28. Ke3 Rd4 29. Rhb1 Rb4 30. Kd3 Kf7 31. Kc3 d5 32. Ra2 Rf4 33. Rf1 e5 34. Rff2 Ke6 35. Kd3 c4+ 36. Kc3 cxb3 37. Kxb3 Rb6+ 38. Kc3 Rc4+ 39. Kd3 Rd4+ 40. Ke3 Ra6 41. a5 Rb4 42. Ra3 g5 43. Rc2 Rb5 44. Rca2 Kf5 45. Ra4 Rb3+ 46. Ke2 h5 47. R4a3 Rb5 48. Ke3 Rb4 49. Rd3 d4+ 50. Kf2 Kf4 51. h3 g4 52. hxg4 hxg4 53. Re2 g3+ 54. Kg2 Rxa5 55. Re4+ Kf5 56. Kxg3 Rb2 57. Re1 Ra8 58. Kh3 Rh8+ 59. Kg3 Rg8+ 60. Kh3 Rb7 61. Re4 Rh7+ 62. Rh4 Rxh4+ 63. Kxh4 Kf4 64. Kh3 Rg3+ 65. Kh2 Rxf3 66. Rd1 Rf2+ 67. Kg1 Ke3 68. Ra1 d3 69. Ra3 Rf4 70. Ra5 e4 0-1

[Event "Biel ATO 55th"]
[Site "Biel"]
[Date "2022.??.??"]
[Round "5"]
[White "Eschmann, Pascal"]
[Black "Carey, Michael P"]
[Result "0-1"]
[WhiteElo "1944"]
[BlackElo "1816"]
[PlyCount "126"]
[EventDate "2022.07.13"]
[EventType "swiss"]
[EventRounds "9"]
[EventCountry "SUI"]
[SourceTitle "EXT 2024"]
[Source "ChessBase"]
[SourceDate "2023.10.10"]
[SourceVersion "1"]
[SourceVersionDate "2023.10.10"]
[SourceQuality "1"]

1. d4 c5 2. d5 Nf6 3. c4 b5 4. cxb5 a6 5. Nc3 axb5 6. Nxb5 Qa5+ 7. Nc3 g6 8. Bd2 Qb6 9. e4 d6 10. Bc4 Bg7 11. Nge2 Ba6 12. Bxa6 Nxa6 13. Qa4+ Nd7 14. 0-0 Nc7 15. Qc2 0-0 16. Rab1 Na6 17. a3 Rfb8 18. Na4 Qb3 19. Qxb3 Rxb3 20. Nc1 Rb7 21. Bc3 Nc7 22. Bxg7 Rxa4 23. Bc3 Rxe4 24. Rd1 Nb6 25. Re1 Rxe1+ 26. Bxe1 Ncxd5 27. Nd3 c4 28. Nb4 Nxb4 29. Bxb4 Nd5 30. Be1 Rb3 31. Rc1 Nb6 32. Rc2 d5 33. Kf1 Na4 34. Bb4 e6 35. Ke2 Nxb2 36. Rc3 Na4 37. Rc2 f6 38. Kd2 Kf7 39. Ke2 Ke8 40. Rd2 Kd7 41. f4 Nc3+ 42. Bxc3 Rxc3 43. Ra2 Kc6 44. a4 Kb6 45. Kd2 Rb3 46. a5+ Ka6 47. Ra4 e5 48. fxe5 fxe5 49. Ra2 Rb5 50. Kc3 Rxa5 51. Re2 Ra3+ 52. Kb4 Rb3+ 53. Kc5 Rb5+ 54. Kc6 d4 55. Ra2+ Ra5 56. Rb2 c3 57. Rb6+ Ka7 58. Rb7+ Ka8 59. Rxh7 Ra6+ 60. Kb5 Rf6 61. Rc7 Kb8 62. Rc5 Kb7 63. Rxe5 Rf5 0-1

[Event "Biel ATO 55th"]
[Site "Biel"]
[Date "2022.??.??"]
[Round "7"]
[White "Smeets, Kobe"]
[Black "Carey, Michael P"]
[Result "1-0"]
[WhiteElo "1963"]
[BlackElo "1816"]
[PlyCount "89"]
[EventDate "2022.07.13"]
[EventType "swiss"]
[EventRounds "9"]
[EventCountry "SUI"]
[SourceTitle "EXT 2024"]
[Source "ChessBase"]
[SourceDate "2023.10.10"]
[SourceVersion "1"]
[SourceVersionDate "2023.10.10"]
[SourceQuality "1"]

1. e4 c5 2. Nf3 Nc6 3. d4 cxd4 4. Nxd4 Nf6 5. Nc3 d6 6. Bg5 e6 7. Qd2 a6 8. 0-0-0 Bd7 9. f4 b5 10. Bxf6 gxf6 11. Kb1 Qb6 12. Nxc6 Bxc6 13. f5 b4 14. Ne2 e5 15. Ng3 h5 16. h4 Qc5 17. Qe2 Ke7 18. Nxh5 Bb5 19. Qg4 Bh6 20. Rd5 Qc7 21. Qd1 Bc6 22. Bc4 Rac8 23. g4 Bxd5 24. Bxd5 Be3 25. Bb3 Qc6 26. Qf3 Bd4 27. g5 fxg5 28. hxg5 a5 29. g6 a4 30. f6+ Kd8 31. g7 Rg8 32. Ng3 axb3 33. Qxb3 d5 34. Nf5 Qxf6 35. Qxd5+ Kc7 36. c3 bxc3 37. Rh6 c2+ 38. Kxc2 Kb8+ 39. Kd3 Qd8 40. Rd6 Qc7 41. Nxd4 Qb7 42. Nc6+ Rxc6 43. Rxc6 Qxb2 44. Qd6+ Ka8 45. Ra6+ 1-0